000 02987cab a2200277 ab4500
005 20231108063747.0
008 991125c2015 sp qr p o 000 0 spa d
035 _aUPN01000213202
040 _aMX-MxUPN
_bspa
_cMX-MxUPN
_eaacr2
049 _aART-E
100 1 _aFernández Santos, Yolanda
100 1 _uyfers@unileon.es
100 1 _aMartínez Campillo, Almudena
245 1 1 _a¿Ha mejorado la productividad docente e investigadora de las universidades públicas españolas desde la aprobación de la LOU?: Evidencia a partir del bootstrap
_h[recurso electrónico en línea]
506 0 _aAcceso abierto
520 3 _aEn el marco del Espacio Europeo de Educación Superior, la Ley Orgánica de Universidades 6/2001 (LOU) establece por primera vez un modelo de gestión basado en la necesidad de que las universidades españolas sean más eficientes y productivas en sus distintas actividades. Sin embargo, no existe ningún trabajo previo que haya analizado si, efectivamente, el sistema universitario público de nuestro país ha logrado tal objetivo. Por esta razón, el presente estudio pretende medir la variación de la productividad en las universidades públicas españolas, tanto a nivel global como en las actividades docentes e investigadoras, desde la aprobación de dicha reforma universitaria, así como conocer las causas de los cambios productivos observados. Para ello se parte de información relativa a una muestra de 39 universidades presenciales entre los cursos académicos 2002-03 y 2008-09 a fin de aplicar tanto el índice de productividad de Malmquist, que permite medir el cambio de productividad entre dos períodos de tiempo y determinar sus causas, como la técnica de remuestreo bootstrap, que confirma si los cambios productivos encontrados son estadísticamente significativos. Así, con un nivel de significación del 5%, nuestros hallazgos indican que la productividad global universitaria ha mejorado un 13,4% desde la implantación de la LOU, si bien el incremento de la productividad investigadora ha sido bastante superior al de la productividad docente (un 48,5% frente a un 4%). Estos resultados también revelan la importancia del progreso tecnológico en los crecimientos productivos observados. Por tanto, los resultados obtenidos proporcionan información útil para los responsables políticos y académicos a fin de conocer el camino seguido por nuestras universidades y determinar hacia dónde debe encaminarse la toma de decisiones futura para mejorar su productividad docente e investigadora.
650 4 _aTecnología educativa
_94978
653 0 _aProductividad educativa
653 0 _aBootstrap
653 0 _aEspacio europeo de educación superior
773 _gNo. 367 (2014), p. 91-116
_tRevista de educación
_x1988-592X
856 4 _uhttp://www.mecd.gob.es/dctm/revista-de-educacion/articulos367/re36704.pdf?documentId=0901e72b81b52b43
902 _bLeonor Sotres/160623
905 _aArticulo
942 _cART-E
999 _c185302
_d185302